Mandara Keshava Bhatr (Record no. 223418)
[ view plain ]
| 000 -LEADER | |
|---|---|
| fixed length control field | 00890nam a22002417a 4500 |
| 003 - CONTROL NUMBER IDENTIFIER | |
| control field | OSt |
| 005 - DATE AND TIME OF LATEST TRANSACTION | |
| control field | 20260605114141.0 |
| 008 - FIXED-LENGTH DATA ELEMENTS--GENERAL INFORMATION | |
| fixed length control field | 220618b ||||| |||| 00| 0 eng d |
| 040 ## - CATALOGING SOURCE | |
| Transcribing agency | AL |
| 041 ## - LANGUAGE CODE | |
| Language code of text/sound track or separate title | Tulu |
| 082 ## - DEWEY DECIMAL CLASSIFICATION NUMBER | |
| Classification number | T928 |
| Item number | KARM |
| 100 ## - MAIN ENTRY--PERSONAL NAME | |
| Personal name | Karnataka Tulu Sahitya Akademi: |
| 100 ## - MAIN ENTRY--PERSONAL NAME | |
| 9 (RLIN) | 265331 |
| 100 ## - MAIN ENTRY--PERSONAL NAME | |
| 9 (RLIN) | 240871 |
| Dates associated with a name | ಕರ್ನಾಟಕ ತುಳು ಸಾಹಿತ್ಯ ಅಕಾಡೆಮಿ |
| 245 ## - TITLE STATEMENT | |
| Title | Mandara Keshava Bhatr |
| Remainder of title | : ಮಂದಾರ ಕೇಶವ ಬಟ್ರ್ |
| 260 ## - PUBLICATION, DISTRIBUTION, ETC. | |
| Place of publication, distribution, etc. | Mangaluru: |
| Name of publisher, distributor, etc. | Karnataka Tulu Sahitya Akademi, |
| Date of publication, distribution, etc. | 1998 |
| 300 ## - PHYSICAL DESCRIPTION | |
| Extent | 44p. |
| Other physical details | PB |
| Dimensions | 21x14cm. |
| 365 ## - TRADE PRICE | |
| Source of price type code | Biography |
| 440 ## - SERIES STATEMENT/ADDED ENTRY--TITLE | |
| Title | Madappiyeravandi tuluver: ಮದೆಪ್ಪಿಯೆರಾವಂದಿ ತುಳುವೆರ್;14 |
| 9 (RLIN) | 43989 |
| 650 ## - SUBJECT ADDED ENTRY--TOPICAL TERM | |
| Topical term or geographic name entry element | Biography |
| 9 (RLIN) | 43977 |
| 700 ## - ADDED ENTRY--PERSONAL NAME | |
| Personal name | JOSHI (M Prabhakara) |
| 9 (RLIN) | 43978 |
| 700 ## - ADDED ENTRY--PERSONAL NAME | |
| Personal name | ಜೋಶಿ (ಎಂ ಪ್ರಭಾಕರ) |
| 9 (RLIN) | 43987 |
| 942 ## - ADDED ENTRY ELEMENTS (KOHA) | |
| Source of classification or shelving scheme | Dewey Decimal Classification |
| Koha item type | George Fernandes Collections |
| Withdrawn status | Lost status | Damaged status | Not for loan | Collection code | Home library | Current library | Shelving location | Date acquired | Source of acquisition | Cost, normal purchase price | Total Checkouts | Full call number | Barcode | Date last seen | Price effective from | Koha item type | Source of classification or shelving scheme |
|---|---|---|---|---|---|---|---|---|---|---|---|---|---|---|---|---|---|
| Tulu | St Aloysius Library | St Aloysius Library | 02/17/2021 | Karnataka tulu sahitya akademi, Mangaluru. | 12.00 | T894.9 PRAM | 056345 | 02/17/2021 | 02/17/2021 | Book | |||||||
| Tulu | St Aloysius Library | St Aloysius Library | 03/24/2013 | T928 KARM | GF02973 | 06/21/2022 | 06/21/2022 | George Fernandes Collections | Dewey Decimal Classification |